<?xml version="1.0" encoding="UTF-8"?>
<record
    xmlns:xsi="http://www.w3.org/2001/XMLSchema-instance"
    xsi:schemaLocation="http://www.loc.gov/MARC21/slim http://www.loc.gov/standards/marcxml/schema/MARC21slim.xsd"
    xmlns="http://www.loc.gov/MARC21/slim">

  <leader>01224nam a22002897a 4500</leader>
  <controlfield tag="005">20260703131519.0</controlfield>
  <controlfield tag="008">260703s2026    ag ||||| |||| 00| 0 spa d</controlfield>
  <datafield tag="020" ind1=" " ind2=" ">
    <subfield code="a">Sentencia TI 41/26  Fecha 29/06/26</subfield>
    <subfield code="b">SEN</subfield>
  </datafield>
  <datafield tag="110" ind1=" " ind2=" ">
    <subfield code="a">Tribunal de Impugnaci&#xF3;n</subfield>
    <subfield code="9">1</subfield>
  </datafield>
  <datafield tag="245" ind1="1" ind2="1">
    <subfield code="a">"ERICE, JUAN ANTONIO; ARROYO, LEANDRO JAVIER s/ LESIONES GRAV&#xCD;SIMAS AGRAVADAS" /</subfield>
    <subfield code="c">Tribunal de Impugnaci&#xF3;n</subfield>
  </datafield>
  <datafield tag="300" ind1=" " ind2=" ">
    <subfield code="a">51 p.</subfield>
    <subfield code="b">pdf</subfield>
  </datafield>
  <datafield tag="518" ind1=" " ind2=" ">
    <subfield code="a">29/06/2026</subfield>
  </datafield>
  <datafield tag="653" ind1=" " ind2=" ">
    <subfield code="a">LESIONES GRAV&#xCD;SIMAS AGRAVADAS POR HABER SIDO COMETIDAS POR UN FUNCIONARIO POLICIAL EN ABUSO DE SU FUNCI&#xD3;N Y POR EL EMPLEO DE ARMA DE FUEGO</subfield>
  </datafield>
  <datafield tag="653" ind1=" " ind2=" ">
    <subfield code="a">ARTS 41 BIS, 45, 91, 92 Y 80 INC 9&#xB0; CP</subfield>
  </datafield>
  <datafield tag="653" ind1=" " ind2=" ">
    <subfield code="a">FUNCIONARIO POLICIAL</subfield>
  </datafield>
  <datafield tag="653" ind1=" " ind2=" ">
    <subfield code="a">COMPETENCIA FUNCIONAL</subfield>
  </datafield>
  <datafield tag="653" ind1=" " ind2=" ">
    <subfield code="a">ABUSO DE LA FUNCI&#xD3;N POLICIAL</subfield>
  </datafield>
  <datafield tag="653" ind1=" " ind2=" ">
    <subfield code="a">EMPLEO ARMA DE FUEGO</subfield>
  </datafield>
  <datafield tag="653" ind1=" " ind2=" ">
    <subfield code="a">DOLO DIRECTO</subfield>
  </datafield>
  <datafield tag="653" ind1=" " ind2=" ">
    <subfield code="a">VALORACI&#xD3;N ARM&#xD3;NICA Y CONJUNTA DE TODA LA PRUEBA </subfield>
  </datafield>
  <datafield tag="700" ind1="1" ind2=" ">
    <subfield code="a">Patricia Romina Lupica Cristo</subfield>
    <subfield code="9">48</subfield>
  </datafield>
  <datafield tag="700" ind1=" " ind2=" ">
    <subfield code="a">Trincheri, Walter Richard</subfield>
    <subfield code="9">8</subfield>
  </datafield>
  <datafield tag="700" ind1="1" ind2=" ">
    <subfield code="a">Macagno, Mauricio</subfield>
    <subfield code="9">284</subfield>
  </datafield>
  <datafield tag="774" ind1=" " ind2=" ">
    <subfield code="a">LEG 294143/2024</subfield>
  </datafield>
  <datafield tag="856" ind1=" " ind2=" ">
    <subfield code="u">http://jurispenal.jusneuquen.gov.ar/cgi-bin/koha/opac-retrieve-file.pl?id=448886e9391dc6c827ecf4fef9ca8c40</subfield>
    <subfield code="y">Texto completo Sentencia TI</subfield>
  </datafield>
  <datafield tag="942" ind1=" " ind2=" ">
    <subfield code="2">ddc</subfield>
    <subfield code="c">SEN</subfield>
  </datafield>
  <datafield tag="999" ind1=" " ind2=" ">
    <subfield code="c">1310</subfield>
    <subfield code="d">1310</subfield>
  </datafield>
</record>
